• 首页
  • 本馆介绍
  • 公告通知
  • 最新文献
  • 馆藏检索
  • 电子资源
  • 读者导购
  • 参考咨询
  • 我的图书馆
  • 登录
  • 详细信息显示
  • 放入我的书架
  • 预约/预借图书
  • 作者相关作品
  • 分类相关作品
  • 丛书相关作品
  • 出版社相关作品

书目信息

  • 表格格式
  • 工作单格式
  • 卡片格式
题名:
名牌经济学
    
 
作者: 李正发 著
分册:  
出版信息: 北京   中国经济出版社  2013
页数: 388页
开本: 26cm
丛书名:
单 册:
中图分类: F272.3
科图分类:
主题词: 品牌--研究 , 品牌
电子资源:
ISBN: 978-7-5136-2932-4
000 00865nam0 2200241 450
001 523
005 20140909091557.21
010    @a978-7-5136-2932-4@dCNY58.00
100    @a20131213d2013 em y0chiy50 ea
101 0  @achi
102    @aCN@b110000
105    @ay z 000yy
106    @ar
200 1  @a名牌经济学@AMing Pai Jing Ji Xue@f李正发著@FLi Zheng Fa Zhu
210    @a北京@c中国经济出版社@d2013
215    @a388页@d26cm
330    @a本书分析了世界名牌经济和中国名牌经济发展的基本阶段、分布与特点,提出并阐述了名牌大厦的四根支柱或企业创名牌的四个基本途径,并对名牌的评定、名牌的扶持与保护、扩张与延伸、创新与提升以及怎样壮大区域名牌经济、创世界名牌等问题进行了探讨。
606 0  @a品牌@x研究
606 0  @a品牌
690    @aF272.3@v5
701  0 @a李正发@ALi Zheng Fa@f(1947~)@4著
801  0 @aCN@bTANGWEI@c20140603
905    @b0842066-68@dF272.3@e1016@f3
    
    名牌经济学/李正发著.-北京:中国经济出版社,2013
    388页;26cm
    
    
    ISBN 978-7-5136-2932-4:CNY58.00
    本书分析了世界名牌经济和中国名牌经济发展的基本阶段、分布与特点,提出并阐述了名牌大厦的四根支柱或企业创名牌的四个基本途径,并对名牌的评定、名牌的扶持与保护、扩张与延伸、创新与提升以及怎样壮大区域名牌经济、创世界名牌等问题进行了探讨。
●
相关链接 在E读中查询图书 在五车中查询图书 在当当中查询图书 在豆瓣中查询图书


正题名:名牌经济学     索取号:F272.3/1016         预约/预借

序号 登录号 条形码 馆藏地/架位号 状态 备注
1 0842066   208420662   第一样本阅览室/ [索取号:F272.3/1016] 在馆    
2 0842067   208420671   经管系资料室/ [索取号:F272.3/1016] 在馆    
3 0842068   208420680   第一借阅区/ [索取号:F272.3/1016] 在馆    
唐山师范学院图书馆 欢迎您!
大连网信软件有限公司© 版权所有